000 01112nam a22001097a 4500
008 160516b xxu||||| |||| 00| 0 eng d
100 _aRommerskirchen, Helmut
245 _aManual of Independent State of Croatia Issues 1941-1945 - Nezavisna Drzava Hrvatska
_bTranslated from German by Croatian Philatelic Society
260 _aLondan, Canada
_bCroatian Philatelic Society
_c1986
500 _3by Helmut Rommerskirchen ; translated from German and edited for the Croatian Philatelic Society by C.D. Glavanic, Editor of The Trumpeter. -- Photocopy
650 _aYugoslavia | Croatia (1941-1945) | Postal History | Production | Errors and Varieties | Printing | Provisionals and Forerunners | Overprints and Surcharges | Plates and Plating | Designs | Essays and Proofs | Stamps -- Histories | Postal Markings | Postal Stationery | Military and War Issues | Military Mail | Censored Mail | Prisoner-of-War and Internee Mail | Germany | Occupation Issues | Semi-postal Issues | Metered Mail | Registered Mail | Mobile Post Offices | Railway Mail | Postal Rates | International Reply Coupons | Revenues | Cinderella Material
999 _c2013
_d2013